| Tag |
First Indicator |
Second Indicator |
Subfields |
| LEADER |
00000cam a2200000 a 4500 |
| 001 |
in00000074813 |
| 005 |
20151008054804.0 |
| 008 |
810815s1981 enk b 00100 eng |
| 010 |
|
|
|a 80041151
|
| 015 |
|
|
|a GB***
|
| 020 |
|
|
|a 0198761139 (pbk.) :
|c 6.95
|
| 020 |
|
|
|a 0198761120
|
| 035 |
|
|
|a (OCoLC)07581951
|
| 035 |
|
|
|9 AAJ1687AM
|
| 039 |
0 |
|
|a 2
|b 3
|c 3
|d 3
|e 3
|
| 040 |
|
|
|a DLC
|c DLC
|d TXA
|d UtOrBLW
|
| 049 |
|
|
|a TXAM
|c [1361403]
|
| 050 |
0 |
0 |
|a HX545
|b .M34
|
| 082 |
0 |
|
|a 355/.021
|2 19
|
| 245 |
0 |
0 |
|a Marxism and the science of war /
|c edited, with an introduction, by Bernard Semmel.
|
| 264 |
|
1 |
|a Oxford ;
|a New York :
|b Oxford University Press,
|c 1981.
|
| 300 |
|
|
|a xvi, 302 pages ;
|c 22 cm.
|
| 336 |
|
|
|a text
|b txt
|2 rdacontent
|
| 337 |
|
|
|a unmediated
|b n
|2 rdamedia
|
| 338 |
|
|
|a volume
|b nc
|2 rdacarrier
|
| 504 |
|
|
|a Includes bibliographical references and index.
|
| 650 |
|
0 |
|a War and socialism.
|
| 650 |
|
0 |
|a Communism and society.
|
| 650 |
|
0 |
|a Revolutions and socialism.
|
| 700 |
1 |
|
|a Semmel, Bernard.
|
| 999 |
|
|
|a MARS
|
| 999 |
f |
f |
|s 0191b97f-c0d2-3ab6-ba28-d159a6341105
|i a890000f-ee03-39c8-811a-2607aeb64301
|t 0
|
| 952 |
f |
f |
|p ric
|a Texas A&M University
|b Rellis Campus
|c Joint Library Facility
|d Remote Storage
|t 0
|e HX545 .M34
|h Library of Congress classification
|i unmediated -- volume
|m A14806148382
|
| 998 |
f |
f |
|a HX545 .M34
|t 0
|l Remote Storage
|